000 00576nam a2200205Ia 4500
003 OSt
005 20250314165426.0
008 231217s9999 xx 000 0 und d
020 _a9788177585728
040 _c0
041 _aEnglish
082 _a001.6424 KIT;35
100 _aKit, Edward. Finzi, Susannah ed.
245 0 _aSoftware testing in the real world : improving the process
260 _c1995
_bDorling Kindersley
_aNew Delhi
300 _axiv, 252
500 _aContent page available.
650 _aSoftware,testing,improving,process
942 _cAA
_2ddc
999 _c196065
_d196065